الإحصائيات لـ أين تقع العاصمة على خريطة الدولة؟

أنقر هنا لكي تخضع للإختبار!

الإحصائيات العامة

  • هذا الإختبار تم الخضوع له 116 مره
  • الدرجة المتوسطة هي 5 من 15

إحصائيات الإجابة

QuestionAnswer% صحيح
أين هي عاصمة فرنسا؟
69%
أين هي عاصمة اسبانيا؟
54%
أين هي عاصمة الولايات المتحدة؟
47%
أين هي عاصمة تركيا؟
43%
أين عاصمة مصر؟
41%
أين تقع عاصمة المملكة المتحدة؟
40%
أين هي عاصمة المغرب؟
36%
أين هي عاصمة الصين؟
35%
أين هي عاصمة البرازيل؟
34%
أين هي عاصمة الهند؟
31%
أين هي عاصمة ألمانيا؟
29%
أين هي عاصمة أستراليا؟
26%
ين تقع عاصمة اليابان؟
24%
أين هي عاصمة السويد؟
19%
أين هي عاصمة كندا؟
18%

توزيع النقاط

النسبة وفقا للأرقام

نسبة الأشخاص لكل درجة

سجل النقاط الخاصة بك

لم تضخع لهذا الإختبار